| 000 | 00867nam a22002417a 4500 | ||
|---|---|---|---|
| 003 | UA-OsUOA | ||
| 001 | 46389 | ||
| 007 | ta | ||
| 008 | 20120217b un ||||| |||| 00| 0 ukr d | ||
| 100 | _aЗахаревич Е.А. | ||
| 090 |
_a81'367.5 _bЗ-38 |
||
| 942 | _cBK | ||
| 040 |
_aUA-OsUOA _bchu _cUA-OsUOA _dUA-OsUOA |
||
| 245 |
_aСинтаксис болгарского языка _bучебное пособие |
||
| 300 | _a99 с. | ||
| 955 | _a4 | ||
| 041 | _achu | ||
| 080 | _a81'367.5 | ||
| 260 |
_aЛенинград _bИздательство Линенградского унмверситета _c1978 |
||
| 650 | 7 |
_a8 Мовознавство. Художня література. Літературознавство _2UDC |
|
| 999 |
_c426492 _d426492 |
||